| 000 | 00716nam a22002177a 4500 | ||
|---|---|---|---|
| 942 | _cBK | ||
| 999 |
_c774 _d774 |
||
| 005 | 20250420134824.0 | ||
| 008 | 211116b ||||| |||| 00| 0 eng d | ||
| 020 | _a9780521165198 | ||
| 040 | _cKCST | ||
| 082 |
_a428.0071141 _bTh Ca |
||
| 100 |
_aThaine, Craig _d1958- _95581 |
||
| 245 |
_aCambridge academic English : _ban integrated skills course for EAP / _cCraig Thaine; Michael McCarthy |
||
| 260 |
_aCambridge : _bCambridge University Press, _c2012. |
||
| 300 | _a176 p. | ||
| 650 |
_aEnglish language _vStudy and teaching (Higher) _95582 |
||
| 650 |
_aEnglish language _vUsage. _95583 |
||
| 650 |
_aEnglish language _vRhetoric. _95584 |
||
| 700 |
_aMcCarthy, Michael _94927 |
||
| 942 | _2ddc | ||